000 00346nam a2200133Ia 4500
008 150201s2014 xx 000 0 und d
082 _a617.63
_bO2012O
100 _aONGOLE ,RAVI KIRAN
245 _aTEXT BOOK OF ORAL MEDICINE :ORAL DIAGNOSIS
250 _a2ND
260 _bELSEVIER PUBLICATION
650 _aORAL MEDICINE
942 _2ddc
_cBK
_011
999 _c4830
_d4830